| 000 | 00551nam a2200169 a 4500 | ||
|---|---|---|---|
| 001 | 000030897 | ||
| 005 | 20240305141307.0 | ||
| 008 | 110603s1956 dr c 000 p spa d | ||
| 040 |
_aDO-SdBNP _bspa _cBNPHU |
||
| 082 |
_axxx _bS211d |
||
| 100 | 1 |
_aSánchez Lamouth, Juan, _d1929-1968 _920547 |
|
| 245 | 1 | 0 |
_a200 versos para una sola rosa / _cJuan Sánchez Lamouth. |
| 246 | 3 | _aVeinte versos para una sola rosa | |
| 260 |
_aCiudad Trujillo, República Dominicana : _bImprenta D. Hernández, _c1956. |
||
| 300 |
_a12 p. : _bil. ; _c25 cm. |
||
| 049 | _aBNPD | ||
| 999 |
_c30389 _d30389 |
||